| 000 | 00633nam a22002177a 4500 | ||
|---|---|---|---|
| 999 |
_c6414 _d6414 |
||
| 003 | OSt | ||
| 005 | 20191211160654.0 | ||
| 008 | 191211b ||||| |||| 00| 0 eng d | ||
| 020 | _a9781441904577 | ||
| 040 | _cDDC | ||
| 082 | _a518 ATK 2009 | ||
| 100 |
_aAtkinson, Kendall; Han, Weimin _913156 |
||
| 245 | _aTheoretical Numerical Analysis: a functional analysis framework | ||
| 250 | _a3rd ed. | ||
| 260 |
_aUSA; _bSpringer, _c2009 |
||
| 300 |
_axvi,625p; _bIll: _c24cm |
||
| 440 |
_aTexts in Applied Mathematics 39 _913157 |
||
| 504 | _aReferences, & Index included | ||
| 650 |
_aNumerical analysis _93742 |
||
| 942 |
_2z _cO_SHELF |
||